Αδαμαντίου Κοραή των μετά θάνατον ευρεθέντων = Oeuvres posthumes de Coray

Αποθηκεύτηκε σε:
Λεπτομέρειες βιβλιογραφικής εγγραφής
Κύριος συγγραφέας: Κοραής, Αδαμάντιος, 1748-1833
Άλλοι συγγραφείς: Δαμαλάς, Νικόλαος Μ., 1842-1892 (Επιμελητής έκδοσης)
Μορφή: Βιβλίο
Γλώσσα:Ancient Greek
Latin
Δημοσίευση: Εν Αθήναις : Εκ του Τυπογραφείου των Καταστημάτων Ανέστη Κωνσταντινίδου, 1887.
Θέματα:
Ετικέτες: Προσθήκη ετικέτας
Δεν υπάρχουν, Καταχωρήστε ετικέτα πρώτοι!

MARC

LEADER 00000cam a2200000 i 4500
001 1/65903
008 150204s1887####gr | | ||| |||| ||grc||
035 |l 10120881 
040 |a GR-MyUA  |b gre  |e AACR2 
041 1 |a grc  |h lat 
082 7 |a 610.938   |2 (23) 
100 1 |a Κοραής, Αδαμάντιος,   |d 1748-1833. 
245 1 0 |a Αδαμαντίου Κοραή των μετά θάνατον ευρεθέντων =   |b Oeuvres posthumes de Coray /   |c πρώτον νυν εκδιδομένων επιμελεία Ν. Μ. Δαμαλά.  
246 1 |i Παράλληλος τίτλος:   |a Oeuvres posthumes de Coray  
260 |a Εν Αθήναις :   |b Εκ του Τυπογραφείου των Καταστημάτων Ανέστη Κωνσταντινίδου,   |c 1887.  
300 |a τ. 5 (183 [3] σ.] ;   |c 22 εκ.  
500 |a Στο verso ετικέτα "Ιπποκράτης Νικολάου τη Πορφυριάδι Σχολή των Καρλοβασίων". Στο recto σφραγίδα "Πορφυριάς Αστική Σχολή Καρλοβασίων" με αρ. 186.  
505 0 |a Τ. 5. Ιπποκράτους Το περί διαίτης οξέων και αρχαίας ιατρικής μετά σημειώσεων γαλλικών Αδαμαντίου Κοραή = Contenant ses notes sur le traite du regime Dans les maladies aigues et De l'ancienne medecine d'Hippocrate.  
600 0 0 |a Ιπποκράτης,   |d π. 460-π. 377. 
650 0 0 |a Geography, Ancient. 
700 1 |a Δαμαλάς, Νικόλαος Μ.,   |d 1842-1892,  |e edt 
740 0 2 |a Ιπποκράτους Το περί διαίτης οξέων και αρχαίας ιατρικής  
852 |a INST  |b SAMOS  |c PORFYRIADA  |e 20150204  |h 610.938 ΚΟΡ  |p 005300041490  |q 005300041490  |t NOLOAN  |y 23 
901 |a BIBL3-2015-1 
909 |a Σ  |b 186014 
970 |a ΚΟΣΙΕΡΗΣ  |b ΧΡΗΣΤΟΣ  |z 2015/02/04